000 00338 a2200109 4500
020 _a9780070588295
082 _a624.151 GUL
100 _aGulhati,Shashi K.
245 _aGeotechnical Engineering /
_cShashi K. Gulhati
260 _aNew Delhi :
_cTata McGraw Hill Publishing Comp,
_b2007.
300 _axxviii,738p. :
_bill . ;
_c25 cm
650 _ageotechnical engineering
999 _c1114
_d1114